| 000 | 00492nam a22001817a 4500 | ||
|---|---|---|---|
| 005 | 20230329114930.0 | ||
| 008 | 230329b |||||||| |||| 00| 0 eng d | ||
| 020 | _a978-93528-07-38-3 | ||
| 041 | _aeng | ||
| 082 | _a658 RAM-M | ||
| 100 |
_aRAMASWAMY,V.S AND NAMAKUMARI ,S _97547 |
||
| 245 | _aMARKETING MANAGEMENT -INDIAN CONTEXT GLOBEL PERSPECTIVE | ||
| 250 | _a6th ed. | ||
| 260 |
_aNEW DELHI _bSAGE _c2018 |
||
| 300 | _a798;P. | ||
| 650 |
_aPHARMACY _xB.PHARMA _97548 |
||
| 942 | _cBK | ||
| 999 |
_c8244 _d8242 |
||